000
00186 a2200097 4500
020
_a
9780673758576
041
_a
spa
100
_a
Pelton, Marc
245
_a
El tren de tomas
942
_c
BK
999
_c
31929
_d
31927